000 00333cam a22001097a 4500
008 180718b1952 xxu||||| |||| 00| 0 eng d
082 _aB7301x5461 D378/1951
100 _aDelhi Municipal Committee
245 _aThe Punjab Municipal Account code 1930 as extended to Delhi state
260 _aDelhi
_bThe author
_c1952
300 _a108+p.
999 _c488722
_d488722